[Event "Titled Tuesday intern op 19th Sep Early"]
[Site "Chess.com INT"]
[Date "2023.09.19"]
[Round "11"]
[White "Ambartsumova, Karina"]
[Black "Giang, Tran Nam"]
[Result "0-1"]
[WhiteElo "2418"]
[BlackElo "2194"]
[PlyCount "66"]
[EventDate "2023.09.19"]
[EventType "swiss (blitz)"]
[EventRounds "11"]
[EventCountry "USA"]
[SourceTitle "EXT 2024"]
[Source "ChessBase"]
[SourceDate "2023.10.10"]
[SourceVersion "1"]
[SourceVersionDate "2023.10.10"]
[SourceQuality "1"]

1. d4 Nf6 2. c4 e6 3. Nc3 Bb4 4. Qc2 0-0 5. a3 Bxc3+ 6. Qxc3 b6 7. Nf3 Bb7 8. g3 d6 9. Bg2 Nbd7 10. 0-0 Qe7 11. b4 c5 12. dxc5 dxc5 13. b5 Rfd8 14. Bb2 Nf8 15. a4 Ng6 16. a5 Rac8 17. h4 Rd6 18. Ng5 Bxg2 19. Kxg2 e5 20. Qe3 h6 21. Nf3 Re8 22. axb6 axb6 23. Nd2 Ng4 24. Qc3 Nxh4+ 25. gxh4 Qxh4 26. Nf3 Ne3+ 27. Qxe3 Rg6+ 28. Ng5 Rxg5+ 29. Qxg5 Qxg5+ 30. Kh2 Qh4+ 31. Kg2 Re6 32. Rg1 Rg6+ 33. Kf3 Qf4# 0-1

[Event "Titled Tuesday intern op 19th Sep Early"]
[Site "Chess.com INT"]
[Date "2023.09.19"]
[Round "4"]
[White "Quintiliano Pinto, Renato Rodrigues"]
[Black "Giang, Tran Nam"]
[Result "1-0"]
[WhiteElo "2500"]
[BlackElo "2194"]
[PlyCount "95"]
[EventDate "2023.09.19"]
[EventType "swiss (blitz)"]
[EventRounds "11"]
[EventCountry "USA"]
[SourceTitle "EXT 2024"]
[Source "ChessBase"]
[SourceDate "2023.10.10"]
[SourceVersion "1"]
[SourceVersionDate "2023.10.10"]
[SourceQuality "1"]

1. Nf3 d5 2. g3 Nf6 3. Bg2 c6 4. 0-0 Bf5 5. c4 e6 6. d3 Be7 7. Qb3 Qc8 8. Nc3 Na6 9. Be3 h6 10. Rfc1 Nc7 11. Bf4 0-0 12. Bxc7 Qxc7 13. cxd5 exd5 14. Nxd5 Nxd5 15. Qxd5 Be6 16. Qd4 Bf6 17. Qb4 Qb6 18. Qxb6 axb6 19. d4 Bxa2 20. e3 b5 21. Nd2 Be6 22. Ne4 Be7 23. Nc3 Rfd8 24. d5 Rxa1 25. Rxa1 cxd5 26. Nxb5 Bf6 27. Ra7 Rc8 28. h4 Rc1+ 29. Kh2 Rc2 30. Rxb7 Rxf2 31. Nc7 Bf5 32. Kg1 Re2 33. Nxd5 Rxg2+ 34. Kxg2 Be4+ 35. Kf1 Bxd5 36. Rb8+ Kh7 37. Kf2 Kg6 38. b4 Kf5 39. Re8 Bc6 40. Rc8 Bb5 41. Rc5+ Ke4 42. Rxb5 Bc3 43. Rb7 Bd2 44. Re7+ Kd5 45. Rd7+ Kc4 46. Rxd2 Kxb4 47. Rd7 Kc5 48. Rxf7 1-0

[Event "Titled Tuesday intern op 22nd Aug Early"]
[Site "Chess.com INT"]
[Date "2023.08.22"]
[Round "10"]
[White "Giang, Tran Nam"]
[Black "Tikhonov, Viacheslav"]
[Result "1-0"]
[WhiteElo "2229"]
[BlackElo "2201"]
[PlyCount "81"]
[EventDate "2023.08.22"]
[EventType "swiss (blitz)"]
[EventRounds "11"]
[EventCountry "USA"]
[SourceTitle "EXT 2024"]
[Source "ChessBase"]
[SourceDate "2023.10.10"]
[SourceVersion "1"]
[SourceVersionDate "2023.10.10"]
[SourceQuality "1"]

1. e4 c5 2. Nf3 d6 3. d4 cxd4 4. Nxd4 Nf6 5. Nc3 a6 6. h3 e5 7. Nde2 h5 8. Bg5 Be6 9. Bxf6 Qxf6 10. Nd5 Qd8 11. Qd3 Nd7 12. Nec3 Nc5 13. Qf3 Be7 14. b4 Nd7 15. Bc4 Bg5 16. 0-0 Rc8 17. Bb3 g6 18. a4 0-0 19. a5 Kg7 20. Rad1 f5 21. exf5 Bxf5 22. Ne4 Bh4 23. Qe2 Nb8 24. Nb6 Rc6 25. c4 Be7 26. Nd5 Bh4 27. b5 axb5 28. cxb5 Rc8 29. Nb6 Bxe4 30. Nxc8 d5 31. Nb6 Qg5 32. f3 Bf5 33. Qxe5+ Kh6 34. Rxd5 Bg3 35. f4 Qh4 36. Qe3 Rf6 37. Rd8 Re6 38. Rh8+ Kg7 39. Qc3+ Kf7 40. Rh7+ Kg8 41. Qg7# 1-0

[Event "Titled Tuesday intern op 22nd Aug Early"]
[Site "Chess.com INT"]
[Date "2023.08.22"]
[Round "9"]
[White "Glavina, Pablo"]
[Black "Giang, Tran Nam"]
[Result "1-0"]
[WhiteElo "2415"]
[BlackElo "2229"]
[PlyCount "117"]
[EventDate "2023.08.22"]
[EventType "swiss (blitz)"]
[EventRounds "11"]
[EventCountry "USA"]
[SourceTitle "EXT 2024"]
[Source "ChessBase"]
[SourceDate "2023.10.10"]
[SourceVersion "1"]
[SourceVersionDate "2023.10.10"]
[SourceQuality "1"]

1. c4 e5 2. Nc3 d6 3. Nf3 f5 4. d4 e4 5. Ng1 Be7 6. Bf4 Nf6 7. e3 0-0 8. h4 c6 9. Nh3 Na6 10. Qb3 Nc7 11. Be2 d5 12. Bxc7 Qxc7 13. cxd5 Kh8 14. Nf4 Bd6 15. g3 Rd8 16. dxc6 bxc6 17. 0-0 Rb8 18. Qc2 Bxf4 19. gxf4 Qf7 20. Kh2 Be6 21. Rg1 Bc4 22. b3 Bxe2 23. Qxe2 Rbc8 24. Rad1 Qe6 25. Kh3 Rc7 26. Na4 Ng4 27. Nc5 Qe7 28. Rxg4 fxg4+ 29. Qxg4 Rd5 30. Rc1 Qe8 31. Rc4 g6 32. Ra4 Rf5 33. Rb4 Re7 34. Na6 Qd7 35. Rb8+ Kg7 36. Nc5 h5 37. Nxd7 hxg4+ 38. Kxg4 Rxd7 39. Re8 Ra5 40. a4 Rb7 41. Rxe4 Rxb3 42. Re6 Rxa4 43. Rxc6 Rb7 44. d5 Ra5 45. e4 Re7 46. f3 Ra1 47. f5 Rg1+ 48. Kf4 gxf5 49. Kxf5 a5 50. Ra6 Ra1 51. e5 Rb7 52. f4 a4 53. Rg6+ Kf7 54. e6+ Kf8 55. d6 Rc1 56. Kf6 Rc6 57. e7+ Ke8 58. Rg8+ Kd7 59. Rd8# 1-0

[Event "Titled Tuesday intern op 22nd Aug Late"]
[Site "Chess.com INT"]
[Date "2023.08.22"]
[Round "5"]
[White "Nurgaliyeva, Zarina"]
[Black "Giang, Tran Nam"]
[Result "0-1"]
[WhiteElo "2051"]
[BlackElo "2229"]
[PlyCount "60"]
[EventDate "2023.08.22"]
[EventType "swiss (blitz)"]
[EventRounds "11"]
[EventCountry "USA"]
[SourceTitle "EXT 2024"]
[Source "ChessBase"]
[SourceDate "2023.10.10"]
[SourceVersion "1"]
[SourceVersionDate "2023.10.10"]
[SourceQuality "1"]

1. e4 c5 2. Nf3 e6 3. g3 Nc6 4. Bg2 Nf6 5. Qe2 Be7 6. 0-0 d5 7. exd5 exd5 8. d4 0-0 9. dxc5 Re8 10. Nbd2 Bxc5 11. Qd1 Bg4 12. Nb3 Bb6 13. h3 Bxf3 14. Bxf3 Ne4 15. Kg2 Ne5 16. Bf4 Qf6 17. Bxe5 Qxe5 18. Qe2 Qxb2 19. Rae1 Rac8 20. Bxe4 dxe4 21. Rc1 e3 22. f3 Qxa2 23. Rfd1 Qa4 24. Rd3 Qc4 25. Rcd1 Qxc2 26. Kf1 Qxe2+ 27. Kxe2 Rc2+ 28. Ke1 e2 29. Rb1 Bf2+ 30. Kxf2 e1Q# 0-1

[Event "World ol U16"]
[Site "Eindhoven"]
[Date "2023.08.17"]
[Round "8.1"]
[White "Giang, Tran Nam"]
[Black "Lu, Miaoyi"]
[Result "0-1"]
[WhiteElo "2229"]
[BlackElo "2226"]
[PlyCount "76"]
[EventDate "2023.08.13"]
[EventType "team-swiss"]
[EventRounds "9"]
[EventCountry "NED"]
[SourceTitle "CBM 215 Extra"]
[Source "ChessBase"]
[SourceDate "2023.09.30"]
[SourceVersion "1"]
[SourceVersionDate "2023.09.30"]
[SourceQuality "1"]
[WhiteTeam "Hungary"]
[BlackTeam "China"]
[WhiteTeamCountry "HUN"]
[BlackTeamCountry "CHN"]

1. e4 c5 2. Nf3 Nc6 3. d4 cxd4 4. Nxd4 Nf6 5. Nc3 e6 6. Ndb5 Bb4 7. a3 Bxc3+ 8. Nxc3 d5 9. exd5 exd5 10. Bd3 0-0 11. 0-0 Bg4 12. f3 Bh5 13. Bg5 Qb6+ 14. Kh1 Ne4 15. Nxe4 dxe4 16. Bxe4 Qxb2 17. Qd6 Bg6 18. Rab1 Qc3 19. Bxg6 hxg6 20. Rxb7 Rae8 21. h4 Nd4 22. Rc7 Qa5 23. Rc5 Qa4 24. Be7 Nf5 25. Rxf5 gxf5 26. Bxf8 Rxf8 27. Qc5 Qxh4+ 28. Kg1 Re8 29. Qxa7 f4 30. Qf2 Qg5 31. c4 Re6 32. Rb1 Rh6 33. Rb8+ Kh7 34. Rb5 f5 35. Qc2 Rh5 36. Rb6 Qh4 37. Kf1 Qh1+ 38. Kf2 Rg5 0-1

[Event "HUN-ch Rapid"]
[Site "Ajka"]
[Date "2023.07.23"]
[Round "13"]
[White "Lizak, Peter"]
[Black "Giang, Tran Nam"]
[Result "1-0"]
[WhiteElo "2415"]
[BlackElo "2294"]
[PlyCount "91"]
[EventDate "2023.07.21"]
[EventType "swiss (rapid)"]
[EventRounds "13"]
[EventCountry "HUN"]
[SourceTitle "CBM 215 Extra"]
[Source "ChessBase"]
[SourceDate "2023.09.30"]
[SourceVersion "1"]
[SourceVersionDate "2023.09.30"]
[SourceQuality "1"]

1. d4 Nf6 2. Nc3 d5 3. Bf4 c5 4. e3 cxd4 5. exd4 a6 6. Nf3 Bg4 7. h3 Bh5 8. g4 Bg6 9. Ne5 Qb6 10. Na4 Qa5+ 11. c3 Nfd7 12. b4 Qd8 13. Nc5 Nxe5 14. dxe5 e6 15. Nxb7 Qc7 16. Qa4+ Nd7 17. Nc5 Bxc5 18. bxc5 Be4 19. Rg1 0-0 20. Be2 Nxc5 21. Qd4 Qa5 22. f3 Bg6 23. h4 Nb3 24. axb3 Qxa1+ 25. Kf2 Qb2 26. h5 Bc2 27. h6 Rfc8 28. Bd2 Qxb3 29. hxg7 Rab8 30. Bxa6 Rc6 31. Bd3 Bxd3 32. Qxd3 Qc4 33. Qc2 d4 34. Rh1 d3 35. Qc1 Qc5+ 36. Kg3 Qxe5+ 37. Bf4 Qb5 38. Qg1 e5 39. Bg5 e4 40. Qh2 h6 41. Bxh6 Qe5+ 42. Bf4 Qxg7 43. Bxb8 Rxc3 44. Qh5 d2 45. Be5 d1Q 46. Kg2 1-0

[Event "HUN-ch U20"]
[Site "Budapest"]
[Date "2023.02.25"]
[Round "7"]
[White "Giang, Tran Nam"]
[Black "Toth, Lili"]
[Result "1-0"]
[WhiteElo "2067"]
[BlackElo "2019"]
[PlyCount "75"]
[EventDate "2023.02.20"]
[EventType "swiss"]
[EventRounds "7"]
[EventCountry "HUN"]
[SourceTitle "CBM 212 Extra"]
[Source "ChessBase"]
[SourceDate "2023.03.31"]
[SourceVersion "1"]
[SourceVersionDate "2023.03.31"]
[SourceQuality "1"]

1. e4 e5 2. Nf3 Nc6 3. Bb5 a6 4. Ba4 Nf6 5. 0-0 Be7 6. Re1 b5 7. Bb3 0-0 8. c3 d6 9. h3 Re8 10. d4 Bb7 11. Nbd2 Bf8 12. a4 h6 13. Bc2 exd4 14. cxd4 Nb4 15. Bb1 c5 16. d5 g6 17. Nf1 Bg7 18. Ng3 Nd7 19. Ra3 Nb6 20. axb5 Nc4 21. bxa6 Bxa6 22. Rc3 Bb5 23. Nd2 Ra1 24. Nxc4 Rxb1 25. Na3 Bxc3 26. bxc3 Rxc1 27. Qxc1 Nd3 28. Qd1 Ba6 29. Re3 Qa5 30. Nb1 Qa1 31. Qb3 Re7 32. Qb8+ Kh7 33. Nh5 Rb7 34. Nf6+ Kg7 35. Qg8+ Kxf6 36. Rf3+ Kg5 37. Qd8+ Kh5 38. g4# 1-0

[Event "HUN-chT U18"]
[Site "Budapest"]
[Date "2022.11.03"]
[Round "6.3"]
[White "Szakmary, Domonkos"]
[Black "Giang, Tran Nam"]
[Result "0-1"]
[WhiteElo "1862"]
[BlackElo "2132"]
[PlyCount "78"]
[EventDate "2022.10.31"]
[EventType "team-swiss"]
[EventRounds "7"]
[EventCountry "HUN"]
[SourceTitle "CBM 211 Extra"]
[Source "ChessBase"]
[SourceDate "2023.01.31"]
[SourceVersion "1"]
[SourceVersionDate "2023.01.31"]
[SourceQuality "1"]
[WhiteTeam "Biatorbagy"]
[BlackTeam "Geniusz Tata"]
[WhiteTeamCountry "HUN"]
[BlackTeamCountry "HUN"]

1. e4 c5 2. Nf3 e6 3. d4 cxd4 4. Nxd4 a6 5. Nd2 Qc7 6. Bd3 Nf6 7. 0-0 d6 8. a4 b6 9. a5 b5 10. c4 b4 11. Qa4+ Nbd7 12. Qxb4 Rb8 13. Qa4 Be7 14. b4 Bb7 15. Ba3 0-0 16. Rfe1 Ng4 17. N2f3 Bf6 18. Rac1 Rfd8 19. h3 Nge5 20. Bf1 Rbc8 21. Nxe5 Bxe5 22. Nf3 Bf4 23. Rcd1 Nf6 24. Bd3 d5 25. exd5 exd5 26. Bf5 Rb8 27. c5 Ne4 28. Bxe4 dxe4 29. Nd4 e3 30. fxe3 Bh2+ 31. Kh1 Bxg2+ 32. Kxg2 Qg3+ 33. Kh1 Qxh3 34. Qc2 Bf4+ 35. Kg1 Bxe3+ 36. Rxe3 Qxe3+ 37. Qf2 Qxa3 38. Rf1 Rf8 39. Nc6 Rbe8 0-1

[Event "HUN-ch Rapid"]
[Site "Ajka"]
[Date "2022.07.16"]
[Round "8"]
[White "Giang, Tran Nam"]
[Black "Kiss, Pal"]
[Result "1-0"]
[WhiteElo "2144"]
[BlackElo "2243"]
[PlyCount "74"]
[EventDate "2022.07.15"]
[EventType "swiss (rapid)"]
[EventRounds "13"]
[EventCountry "HUN"]
[SourceTitle "CBM 209 Extra"]
[Source "ChessBase"]
[SourceDate "2022.09.30"]
[SourceVersion "1"]
[SourceVersionDate "2022.09.30"]
[SourceQuality "1"]

1. e4 c5 2. Nf3 Nc6 3. d4 cxd4 4. Nxd4 Nf6 5. Nc3 e5 6. Ndb5 h6 7. Nd6+ Bxd6 8. Qxd6 Qe7 9. Qd1 0-0 10. Bc4 d6 11. 0-0 Be6 12. Nd5 Bxd5 13. Bxd5 Nb4 14. Be3 Rfc8 15. c3 Nbxd5 16. exd5 b6 17. Qd3 Qc7 18. Rfd1 Qc4 19. f3 Qxd3 20. Rxd3 Nd7 21. Kf2 f6 22. h4 h5 23. Ke2 Kf7 24. Rc1 b5 25. b3 a5 26. c4 b4 27. Rd2 a4 28. Rb2 axb3 29. axb3 Nc5 30. Bxc5 Rxc5 31. Kd3 g6 32. Rg1 Rca5 33. Kc2 Ra1 34. Rxa1 Rxa1 35. Rb1 Ra2+ 36. Rb2 Ra1 37. Rb1 Ra2+ 1-0

[Event "HUN-ch Rapid"]
[Site "Ajka"]
[Date "2022.07.16"]
[Round "5"]
[White "Martini, Balazs"]
[Black "Giang, Tran Nam"]
[Result "0-1"]
[WhiteElo "2348"]
[BlackElo "2144"]
[PlyCount "85"]
[EventDate "2022.07.15"]
[EventType "swiss (rapid)"]
[EventRounds "13"]
[EventCountry "HUN"]
[SourceTitle "CBM 209 Extra"]
[Source "ChessBase"]
[SourceDate "2022.09.30"]
[SourceVersion "1"]
[SourceVersionDate "2022.09.30"]
[SourceQuality "1"]

1. d4 d5 2. Bf4 Nf6 3. e3 c5 4. c3 Nc6 5. Nd2 Bf5 6. Qb3 Qc8 7. Ngf3 c4 8. Qd1 e6 9. h3 h6 10. Be2 Be7 11. a4 0-0 12. 0-0 b6 13. Re1 a6 14. Ne5 Nxe5 15. Bxe5 Rd8 16. Bf3 b5 17. e4 dxe4 18. Bxf6 Bxf6 19. Nxe4 Bxe4 20. Bxe4 Rb8 21. axb5 axb5 22. Qh5 Qc7 23. Ra2 b4 24. Qf3 bxc3 25. bxc3 Rd7 26. Bc2 Rd5 27. Rea1 Rdb5 28. Ra7 R5b7 29. R7a6 Rb2 30. Qe4 g6 31. Rc6 Qd7 32. Raa6 Bg7 33. g3 e5 34. Kg2 exd4 35. Rd6 Qb7 36. Qxb7 R8xb7 37. Be4 Re7 38. Rd8+ Kh7 39. Kf3 d3 40. Rc6 f5 41. Bd5 Bxc3 42. Rxc4 Be1 43. Kg2 0-1

[Event "HUN-chT U18"]
[Site "Budapest"]
[Date "2021.10.24"]
[Round "1.21"]
[White "Lerant, Boglarka"]
[Black "Giang, Tran Nam"]
[Result "0-1"]
[WhiteElo "1507"]
[BlackElo "1849"]
[PlyCount "70"]
[EventDate "2021.10.24"]
[EventType "team-tourn"]
[EventRounds "7"]
[EventCountry "HUN"]
[SourceTitle "CBM 205 Extra"]
[Source "ChessBase"]
[SourceDate "2022.01.31"]
[SourceVersion "1"]
[SourceVersionDate "2022.01.31"]
[SourceQuality "1"]

1. e4 c5 2. Nf3 e6 3. d4 cxd4 4. Nxd4 a6 5. Nc3 Qc7 6. Be3 Bb4 7. Qd3 Nf6 8. Bd2 Nc6 9. Nxc6 bxc6 10. Qf3 d5 11. a3 Be7 12. Bd3 0-0 13. 0-0 Bb7 14. Rfe1 c5 15. e5 Nd7 16. Qh3 g6 17. Qg3 Rfe8 18. h4 c4 19. Bxg6 hxg6 20. h5 Kg7 21. hxg6 fxg6 22. Ne2 Rh8 23. Nf4 Nf8 24. Qg4 Qd7 25. Re3 Rh4 26. Qg3 d4 27. Ree1 Qe8 28. Nh3 Rh5 29. Rad1 Rd8 30. Bg5 Bxg5 31. Nxg5 Qe7 32. Nf3 Bxf3 33. Qxf3 Qh4 34. Kf1 Qh1+ 35. Ke2 Rxe5+ 0-1

[Event "Budapest FS09 Nadassy"]
[Site "Budapest"]
[Date "2021.09.13"]
[Round "9.1"]
[White "Mayank, Chakraborty"]
[Black "Giang, Tran Nam"]
[Result "1-0"]
[WhiteElo "2028"]
[BlackElo "1972"]
[PlyCount "83"]
[EventDate "2021.09.04"]
[EventType "schev"]
[EventRounds "12"]
[EventCountry "HUN"]
[SourceTitle "EXT 2022"]
[Source "ChessBase"]
[SourceDate "2021.10.06"]
[SourceVersion "1"]
[SourceVersionDate "2021.10.06"]
[SourceQuality "1"]
[WhiteTeam "Weaker Row"]
[BlackTeam "Stronger"]
[WhiteTeamCountry "HUN"]
[BlackTeamCountry "HUN"]

1. e4 c5 2. Nc3 e6 3. f4 d5 4. Nf3 dxe4 5. Nxe4 Nc6 6. Bb5 Bd7 7. Qe2 Nh6 8. b3 Nf5 9. Bb2 Be7 10. Ne5 Rc8 11. Nxd7 Qxd7 12. c3 a6 13. Bd3 0-0 14. Bc2 Rfd8 15. 0-0 b5 16. Rad1 Qb7 17. Ng3 Nxg3 18. hxg3 Bf6 19. g4 g6 20. Rf3 Nb8 21. Rdf1 Rc7 22. Bc1 Bg7 23. Qf2 Nd7 24. f5 Ne5 25. Rh3 f6 26. Qh4 exf5 27. gxf5 Kf7 28. Qg3 g5 29. Rxh7 c4 30. Bd1 Rd3 31. Qh2 Kg8 32. bxc4 bxc4 33. Kh1 Qb6 34. Qh5 Re7 35. Bc2 Rd8 36. d4 Nd3 37. Ba3 Rf7 38. Qg6 Nf4 39. Rxf4 gxf4 40. Rh4 Rc7 41. Be4 Qb5 42. Bf3 1-0

[Event "Budapest FS09 Nadassy"]
[Site "Budapest"]
[Date "2021.09.12"]
[Round "8.1"]
[White "Toth, Lili1111"]
[Black "Giang, Tran Nam"]
[Result "1-0"]
[WhiteElo "1724"]
[BlackElo "1972"]
[PlyCount "113"]
[EventDate "2021.09.04"]
[EventType "schev"]
[EventRounds "12"]
[EventCountry "HUN"]
[SourceTitle "EXT 2022"]
[Source "ChessBase"]
[SourceDate "2021.10.06"]
[SourceVersion "1"]
[SourceVersionDate "2021.10.06"]
[SourceQuality "1"]
[WhiteTeam "Weaker Row"]
[BlackTeam "Stronger"]
[WhiteTeamCountry "HUN"]
[BlackTeamCountry "HUN"]

1. d4 d5 2. c4 dxc4 3. e4 Nc6 4. Nf3 Bg4 5. Bxc4 e6 6. d5 exd5 7. Bxd5 Qf6 8. Qa4 Bb4+ 9. Bd2 Bxd2+ 10. Nbxd2 Nge7 11. 0-0 0-0 12. Rfe1 Rad8 13. e5 Qg6 14. Be4 Qh5 15. h3 Bxf3 16. Nxf3 Rd7 17. Qb5 Rb8 18. Qc4 Qh6 19. e6 Rd6 20. exf7+ Kf8 21. Bxc6 bxc6 22. Qe4 Qf6 23. Ne5 Rxb2 24. Rab1 Rb6 25. Rxb6 axb6 26. Qxh7 Qh6 27. Qe4 Qe6 28. Ng6+ Kxf7 29. Nxe7 Qxe4 30. Rxe4 c5 31. g4 b5 32. Nf5 Rd1+ 33. Kg2 Kf6 34. Re7 g6 35. Rxc7 gxf5 36. Rxc5 fxg4 37. hxg4 b4 38. Rb5 Rd4 39. Kg3 Rd3+ 40. f3 Ra3 41. Rxb4 Rxa2 42. Kf4 Ra6 43. g5+ Kg6 44. Kg4 Ra1 45. Rb6+ Kf7 46. f4 Ra4 47. g6+ Kg7 48. Kg5 Ra5+ 49. f5 Rc5 50. Rb7+ Kg8 51. g7 Rc6 52. f6 Kh7 53. Rb8 Rc8 54. g8Q+ Rxg8+ 55. Rxg8 Kxg8 56. Kg6 Kh8 57. Kf7 1-0

[Event "Budapest FS09 Nadassy"]
[Site "Budapest"]
[Date "2021.09.11"]
[Round "7.1"]
[White "Giang, Tran Nam"]
[Black "Laddha, Yash Jayesh"]
[Result "1/2-1/2"]
[WhiteElo "1972"]
[BlackElo "2031"]
[PlyCount "60"]
[EventDate "2021.09.04"]
[EventType "schev"]
[EventRounds "12"]
[EventCountry "HUN"]
[SourceTitle "EXT 2022"]
[Source "ChessBase"]
[SourceDate "2021.10.06"]
[SourceVersion "1"]
[SourceVersionDate "2021.10.06"]
[SourceQuality "1"]
[WhiteTeam "Stronger"]
[BlackTeam "Weaker Row"]
[WhiteTeamCountry "HUN"]
[BlackTeamCountry "HUN"]

1. e4 e5 2. Nf3 Nc6 3. Bb5 a6 4. Ba4 Nf6 5. 0-0 Be7 6. Re1 b5 7. Bb3 d6 8. c3 0-0 9. d4 Bg4 10. Be3 Bh5 11. h3 exd4 12. cxd4 Na5 13. Bc2 Nc4 14. Bc1 d5 15. Nc3 dxe4 16. Nxe4 Bb4 17. Nc3 Kh8 18. a3 Bxc3 19. bxc3 Qd5 20. Bf4 Bxf3 21. Qxf3 Qxf3 22. gxf3 Nd5 23. Bg3 Nxc3 24. Bxc7 Rac8 25. Bf4 Rfe8 26. Be4 Re7 27. Rac1 Na4 28. Ra1 Nc3 29. Rac1 Na4 30. Ra1 Nc3 1/2-1/2